Data Communications and Computer Networks : for computer scientists and engineers (Record no. 12671)

000 -LEADER
fixed length control field 00991nam a2200325 a 4500
003 - CONTROL NUMBER IDENTIFIER
control field PK-NaQUE
005 - DATE AND TIME OF LATEST TRANSACTION
control field 20241028160453.0
008 - FIXED-LENGTH DATA ELEMENTS--GENERAL INFORMATION
fixed length control field 241028b ||||| |||| 00| 0 eng d
020 ## - INTERNATIONAL STANDARD BOOK NUMBER
International Standard Book Number 0130930474 (paperback)
020 ## - INTERNATIONAL STANDARD BOOK NUMBER
International Standard Book Number 9780130930477 (paperback)
040 ## - CATALOGING SOURCE
Transcribing agency QUEST
100 1# - MAIN ENTRY--PERSONAL NAME
Personal name Duck, Michael.
245 10 - TITLE STATEMENT
Title Data Communications and Computer Networks : for computer scientists and engineers
250 ## - EDITION STATEMENT
Edition statement 2nd ed.
260 ## - PUBLICATION, DISTRIBUTION, ETC. (IMPRINT)
Place of publication, distribution, etc [S.l.] :
Name of publisher, distributor, etc Prentice Hall (UK),
Date of publication, distribution, etc 2003.
300 ## - PHYSICAL DESCRIPTION
Extent 415 p. ;
650 ## - SUBJECT ADDED ENTRY--TOPICAL TERM
Topical term or geographic name as entry element Data transmission systems
650 ## - SUBJECT ADDED ENTRY--TOPICAL TERM
Topical term or geographic name as entry element Computer networks
650 ## - SUBJECT ADDED ENTRY--TOPICAL TERM
Topical term or geographic name as entry element Business
650 ## - SUBJECT ADDED ENTRY--TOPICAL TERM
Topical term or geographic name as entry element Industrial management
650 ## - SUBJECT ADDED ENTRY--TOPICAL TERM
Topical term or geographic name as entry element Computer network resources
650 ## - SUBJECT ADDED ENTRY--TOPICAL TERM
Topical term or geographic name as entry element Communication systems
650 ## - SUBJECT ADDED ENTRY--TOPICAL TERM
Topical term or geographic name as entry element OSI (Computer network standard)
650 ## - SUBJECT ADDED ENTRY--TOPICAL TERM
Topical term or geographic name as entry element Industrial management
650 ## - SUBJECT ADDED ENTRY--TOPICAL TERM
Topical term or geographic name as entry element Business enterprises
650 ## - SUBJECT ADDED ENTRY--TOPICAL TERM
Topical term or geographic name as entry element Computer networks
700 1# - ADDED ENTRY--PERSONAL NAME
Personal name Read, Richard.
856 40 - ELECTRONIC LOCATION AND ACCESS
Link text eBook
Uniform Resource Identifier http://10.10.170.122:8080/browse/book/26005
942 ## - ADDED ENTRY ELEMENTS (KOHA)
Koha item type Books
Source of classification or shelving scheme
Holdings
Withdrawn status Lost status Damaged status Not for loan Permanent Location Current Location Date acquired Cost, normal purchase price Full call number Barcode Date last seen Koha item type Price effective from
        Central Library, QUEST, Nawabshah Central Library, QUEST, Nawabshah 2015-10-29 1086.00 004.6DUC 52473 2015-10-29 Books 2015-10-29
        Central Library, QUEST, Nawabshah Central Library, QUEST, Nawabshah 2015-11-09 1229.00 004.6DUC 53485 2015-11-09 Books 2015-11-09
        Seminar Library, Information Technology Seminar Library, Information Technology 2015-03-18 1198.00 004.6DUC 51340 2015-03-18 Books  

Copyright © 2018,The QUEST, Nawabshah, Shaheed Benazirabad. All rights reserved
Mr. G. Farooq Channar (Librarian) QUEST, Nawabshah, Sindh, Pakistan 67480.
 Ph#: |   0244-9370381-4 Ext. 2308   Email| lib@quest.edu.pk   Web|  http://www.quest.edu.pk